| 000 | 00667nam a2200205Ia 4500 | ||
|---|---|---|---|
| 003 | GCL | ||
| 008 | 140319s9999 xx 000 0 ara d | ||
| 040 |
_aGCL / _cGCL |
||
| 082 | 0 | 4 |
_a349.2 _bر س |
| 100 | 1 | _aرؤوف عبيد | |
| 245 | 1 | 0 |
_a"السببية الجنائية بين الفقه والقضاء ""دراسة تحليلية مقارنة""" / _cرؤوف عبيد |
| 260 |
_a[S.N] : _bدار الفكر العربى ، _c1984 |
||
| 300 | _a472 ص | ||
| 490 | _a | ||
| 650 | 0 | 4 | _aالقانون الجنائى |
| 650 | 0 | 4 | _aالقانون |
| 650 | 0 | 4 | _aالشريعة الاسلامية |
| 650 | 0 | 4 | _aالقانون المقارن |
| 942 |
_2ddc _cBK |
||
| 999 |
_c28046 _d28046 |
||